Pyaz Ke Chilkay / (Record no. 534084)
[ view plain ]
| 000 -LEADER | |
|---|---|
| fixed length control field | 00252nam a22001097a 4500 |
| 040 ## - CATALOGING SOURCE | |
| Transcribing agency | MSOHAIL |
| 082 ## - DEWEY DECIMAL CLASSIFICATION NUMBER | |
| Classification number | 891.439301 |
| 100 ## - MAIN ENTRY--PERSONAL NAME | |
| Personal name | Mumtaz Mufti - |
| 9 (RLIN) | 370 |
| 245 ## - TITLE STATEMENT | |
| Title | Pyaz Ke Chilkay / |
| Remainder of title | پیاز کے چھلکے |
| 300 ## - PHYSICAL DESCRIPTION | |
| Extent | 184;p |
| 942 ## - ADDED ENTRY ELEMENTS (KOHA) | |
| Source of classification or shelving scheme | |
| Koha item type | Book |
| Withdrawn status | Lost status | Source of classification or shelving scheme | Damaged status | Not for loan | Permanent Location | Current Location | Date acquired | Total Checkouts | Full call number | Barcode | Date last seen | Price effective from | Koha item type |
|---|---|---|---|---|---|---|---|---|---|---|---|---|---|
| School of Civil and Environmental Engineering (SCEE) | School of Civil and Environmental Engineering (SCEE) | 01/30/2020 | 891.439301 | NIT-9593 | 01/30/2020 | 01/30/2020 | Book |
